A Dictionary of computing

This book contains nearly 6,000 entries and a comprehensive cross-reference system. It reflects in all aspects of computing, especially in personal computing, computer graphics, networking, artificial intelligence, and computer security

Bewaard in:
Bibliografische gegevens
Formaat: Boek
Taal:Undetermined
Gepubliceerd in: Oxford Oxford Univ. Press 1997
Onderwerpen:
Tags: Voeg label toe
Geen labels, Wees de eerste die dit record labelt!
Thư viện lưu trữ: Trung tâm Học liệu Trường Đại học Cần Thơ
LEADER 00713nam a2200193Ia 4500
001 CTU_28349
008 210402s9999 xx 000 0 und d
020 |b 134.000đ 
020 |c 134000 
082 |a 004.03 
082 |b D545 
245 2 |a A Dictionary of computing 
260 |a Oxford 
260 |b Oxford Univ. Press 
260 |c 1997 
520 |a This book contains nearly 6,000 entries and a comprehensive cross-reference system. It reflects in all aspects of computing, especially in personal computing, computer graphics, networking, artificial intelligence, and computer security 
650 |a Computer science 
904 |i Minh, 990123 
980 |a Trung tâm Học liệu Trường Đại học Cần Thơ